000 00605nam a22001815i 4500
001 163616
003 ES-MaACL
005 20250816063147.0
008 981002s1885 sp |||| | spa d
040 _aCLM
_bspa
_cCCPB | 3D
100 1 _aRobert, Roberto,
_d1827-1873
_997814
245 1 0 _aArtículos escogidos /
_cRoberto Robert.
260 _aMadrid :
_b[s.n.],
_c1885 (
_fTipografía de Dionisio de los Rios)
300 _a294 p. ;
_c17 cm.
505 8 _aContiene: El diablo; Los milagros; Los señores; Los obispos
852 _aES-MaACL
_jF-448
_z-- Enc. hol.
999 _c163616
_d163616